|
|
|
แสดงรายละเอียดบรรณานุกรม |
|
|
Brief Record
: Get Marc (ISO 2709)
: E-mail record
: |
|
|
| LEADER 00000nam 2200000uu 4500 | |||
| 001 52622 | |||
| 003 ULIBM | |||
| 008 190723s||||||||th 000 0 tha d | |||
| 020 ^a 9786160423804 | |||
| 082 0 ^a ย ^b ล - ค | |||
| 100 0 ^a เลออานจิส ,ปีเตอร์ | |||
| 245 00 ^a โคลอสซ์ซัสคืนชีพ /^c ปีเตอร์ เลออานจิส | |||
| 260 ^a กรุงเทพฯ :^b นานมีบุ๊คส์พับลิเคชั่นส์ ,^c 2558 | |||
| 300 ^a 272 หน้า | |||
| 440 ^a Seven Wonderrs | |||
| 541 ^a 165 บาท | |||
| 700 0 ^a อลิซ ,^e ผู้แปล | |||
| 999 ^ananthaya | |||
| คุณยังไม่ได้ล็อกอิน คุณสามารถมีกิจกรรมร่วมกับเว็บไซต์ได้ แต่ต้องล็อกอินก่อน :: |
|
| สถานะ | |||||||||
| 1. | หนังสือ | ย ล - ค Barcode: 083811 | ►นวนิยาย | On Shelf ขอยืม | |||||
| [แสดง 1/1 รายการ] | |||||||||

BibComment |
| คอมเมนท์ทรัพยากรรายการนี้ |
|
|
ห้องสมุดโรงเรียนสามัคคีวิทยาคม
159 ถ.บรรพปราการ ต.เวียง อ.เมือง จ.เชียงราย 57000
โทร. 053-711018 โทรสาร 053-713003